<?xml version="1.0" encoding="UTF-8"?>
<record
    xmlns:xsi="http://www.w3.org/2001/XMLSchema-instance"
    xsi:schemaLocation="http://www.loc.gov/MARC21/slim http://www.loc.gov/standards/marcxml/schema/MARC21slim.xsd"
    xmlns="http://www.loc.gov/MARC21/slim">

  <leader>01187cas a22003137a 4500</leader>
  <datafield tag="999" ind1=" " ind2=" ">
    <subfield code="c">7115</subfield>
    <subfield code="d">7115</subfield>
  </datafield>
  <controlfield tag="003">OSt</controlfield>
  <controlfield tag="005">20240304114754.0</controlfield>
  <controlfield tag="008">180319m2016999 spc|| |  |||||0|| a0spa|d</controlfield>
  <datafield tag="022" ind1=" " ind2=" ">
    <subfield code="a">2462-3962</subfield>
    <subfield code="l">2462-3962</subfield>
  </datafield>
  <datafield tag="040" ind1=" " ind2=" ">
    <subfield code="a">ES-BaCBU</subfield>
    <subfield code="b">cat</subfield>
    <subfield code="c">CDMR</subfield>
  </datafield>
  <datafield tag="222" ind1=" " ind2="0">
    <subfield code="a">Revista 5W</subfield>
  </datafield>
  <datafield tag="245" ind1="0" ind2="0">
    <subfield code="a">Revista 5W </subfield>
    <subfield code="b">: cr&#xF3;nicas de larga distancia</subfield>
  </datafield>
  <datafield tag="246" ind1="1" ind2="3">
    <subfield code="a">5W</subfield>
  </datafield>
  <datafield tag="246" ind1="0" ind2=" ">
    <subfield code="a">Despu&#xE9;s de la guerra </subfield>
  </datafield>
  <datafield tag="260" ind1=" " ind2=" ">
    <subfield code="a">Barcelona:</subfield>
    <subfield code="b">Colectivo 5W,</subfield>
    <subfield code="c">2016-</subfield>
  </datafield>
  <datafield tag="300" ind1=" " ind2=" ">
    <subfield code="a">v. ;</subfield>
    <subfield code="c">20 cm</subfield>
  </datafield>
  <datafield tag="310" ind1=" " ind2=" ">
    <subfield code="a">Periodicitat desconeguda</subfield>
  </datafield>
  <datafield tag="500" ind1=" " ind2=" ">
    <subfield code="a">Descripci&#xF3; feta a partir de: Vol. 1 no. 1 (2016)</subfield>
  </datafield>
  <datafield tag="505" ind1="8" ind2=" ">
    <subfield code="a">Cont&#xE9;: N&#xFA;m. 1, Despu&#xE9;s de la guerra ; N&#xFA;m. 2, Las reglas del mundo ; N&#xFA;m. 3, Diversi&#xF3;n ; N&#xFA;m. 4, Habitantes ; N&#xFA;m. 5, Odio ; N&#xFA;m. 6, Salud ; N&#xFA;m. 7, La paz herida ; N&#xFA;m. 8, Agua; N&#xFA;m. 9, J&#xF3;venes</subfield>
  </datafield>
  <datafield tag="530" ind1=" " ind2=" ">
    <subfield code="a">Tamb&#xE9; es publica en l&#xED;nia</subfield>
  </datafield>
  <datafield tag="650" ind1=" " ind2="4">
    <subfield code="a">Periodisme</subfield>
    <subfield code="9">3919</subfield>
    <subfield code="v">Revistes</subfield>
  </datafield>
  <datafield tag="650" ind1="0" ind2="4">
    <subfield code="a">Corresponsals estrangers</subfield>
    <subfield code="9">2802</subfield>
  </datafield>
  <datafield tag="650" ind1="0" ind2="0">
    <subfield code="a">Corresponsals de guerra</subfield>
    <subfield code="9">2560</subfield>
  </datafield>
  <datafield tag="650" ind1=" " ind2="4">
    <subfield code="a">Guerra i societat</subfield>
  </datafield>
  <datafield tag="650" ind1=" " ind2="0">
    <subfield code="a">Pol&#xED;tica mundial</subfield>
    <subfield code="9">3994</subfield>
  </datafield>
  <datafield tag="710" ind1="2" ind2=" ">
    <subfield code="a">Colectivo 5W</subfield>
  </datafield>
  <datafield tag="856" ind1="4" ind2="1">
    <subfield code="u">http://www.revista5w.com/</subfield>
    <subfield code="y">Disponible en l&#xED;nia des de l'any 2016</subfield>
    <subfield code="z">(Acc&#xE9;s en l&#xED;nia)</subfield>
  </datafield>
  <datafield tag="942" ind1=" " ind2=" ">
    <subfield code="c">SER</subfield>
    <subfield code="2">udc</subfield>
  </datafield>
  <datafield tag="952" ind1=" " ind2=" ">
    <subfield code="0">0</subfield>
    <subfield code="1">0</subfield>
    <subfield code="4">0</subfield>
    <subfield code="7">0</subfield>
    <subfield code="a">CDMR</subfield>
    <subfield code="b">CDMR</subfield>
    <subfield code="d">2018-03-19</subfield>
    <subfield code="e">Intercanvi</subfield>
    <subfield code="h">N&#xFA;m. 1 (2016)</subfield>
    <subfield code="l">5</subfield>
    <subfield code="m">2</subfield>
    <subfield code="p">CDMR18050005</subfield>
    <subfield code="r">2018-11-29</subfield>
    <subfield code="s">2018-11-06</subfield>
    <subfield code="w">2018-03-19</subfield>
    <subfield code="y">SER</subfield>
    <subfield code="z">Despu&#xE9;s de la guerra</subfield>
  </datafield>
  <datafield tag="952" ind1=" " ind2=" ">
    <subfield code="0">0</subfield>
    <subfield code="1">0</subfield>
    <subfield code="4">0</subfield>
    <subfield code="7">0</subfield>
    <subfield code="a">CDMR</subfield>
    <subfield code="b">CDMR</subfield>
    <subfield code="d">2018-03-19</subfield>
    <subfield code="e">Intercanvi</subfield>
    <subfield code="h">N&#xFA;m. 2 (2017)</subfield>
    <subfield code="l">2</subfield>
    <subfield code="m">2</subfield>
    <subfield code="p">CDMR18100011</subfield>
    <subfield code="r">2019-04-15</subfield>
    <subfield code="s">2019-01-25</subfield>
    <subfield code="w">2018-03-19</subfield>
    <subfield code="y">SER</subfield>
    <subfield code="z">Las reglas del juego</subfield>
  </datafield>
  <datafield tag="952" ind1=" " ind2=" ">
    <subfield code="0">0</subfield>
    <subfield code="1">0</subfield>
    <subfield code="4">0</subfield>
    <subfield code="7">0</subfield>
    <subfield code="a">CDMR</subfield>
    <subfield code="b">CDMR</subfield>
    <subfield code="d">2018-03-19</subfield>
    <subfield code="e">Intercanvi</subfield>
    <subfield code="h">N&#xFA;m. 3 (2018)</subfield>
    <subfield code="l">4</subfield>
    <subfield code="p">CDMR18040005</subfield>
    <subfield code="r">2021-01-26</subfield>
    <subfield code="s">2020-12-21</subfield>
    <subfield code="w">2018-03-19</subfield>
    <subfield code="y">SER</subfield>
    <subfield code="z">Diversi&#xF3;n</subfield>
  </datafield>
  <datafield tag="952" ind1=" " ind2=" ">
    <subfield code="0">0</subfield>
    <subfield code="1">0</subfield>
    <subfield code="4">0</subfield>
    <subfield code="7">0</subfield>
    <subfield code="a">CDMR</subfield>
    <subfield code="b">CDMR</subfield>
    <subfield code="d">2019-03-18</subfield>
    <subfield code="e">Intercanvi</subfield>
    <subfield code="g">29.00</subfield>
    <subfield code="h">N&#xFA;m. 4 (2019)</subfield>
    <subfield code="l">2</subfield>
    <subfield code="p">CDMR19030002</subfield>
    <subfield code="r">2021-01-26</subfield>
    <subfield code="s">2020-12-21</subfield>
    <subfield code="v">29.00</subfield>
    <subfield code="w">2019-03-18</subfield>
    <subfield code="y">SER</subfield>
    <subfield code="z">Habitantes</subfield>
  </datafield>
  <datafield tag="952" ind1=" " ind2=" ">
    <subfield code="0">0</subfield>
    <subfield code="1">0</subfield>
    <subfield code="4">0</subfield>
    <subfield code="7">0</subfield>
    <subfield code="a">CDMR</subfield>
    <subfield code="b">CDMR</subfield>
    <subfield code="d">2020-03-04</subfield>
    <subfield code="e">Intercanvi</subfield>
    <subfield code="g">29.00</subfield>
    <subfield code="h">N&#xFA;m. 5 (2020)</subfield>
    <subfield code="l">4</subfield>
    <subfield code="m">2</subfield>
    <subfield code="p">CDMR20030003</subfield>
    <subfield code="r">2021-01-26</subfield>
    <subfield code="s">2020-12-21</subfield>
    <subfield code="v">29.00</subfield>
    <subfield code="w">2020-03-04</subfield>
    <subfield code="y">SER</subfield>
    <subfield code="z">Odio</subfield>
  </datafield>
  <datafield tag="952" ind1=" " ind2=" ">
    <subfield code="0">0</subfield>
    <subfield code="1">0</subfield>
    <subfield code="4">0</subfield>
    <subfield code="7">0</subfield>
    <subfield code="a">CDMR</subfield>
    <subfield code="b">CDMR</subfield>
    <subfield code="d">2021-05-25</subfield>
    <subfield code="h">N&#xFA;m. 6 (2021)</subfield>
    <subfield code="l">0</subfield>
    <subfield code="p">CDMR21051264</subfield>
    <subfield code="r">2021-05-25</subfield>
    <subfield code="w">2021-05-25</subfield>
    <subfield code="y">SER</subfield>
    <subfield code="z">Salud</subfield>
  </datafield>
  <datafield tag="952" ind1=" " ind2=" ">
    <subfield code="0">0</subfield>
    <subfield code="1">0</subfield>
    <subfield code="4">0</subfield>
    <subfield code="7">0</subfield>
    <subfield code="a">CDMR</subfield>
    <subfield code="b">CDMR</subfield>
    <subfield code="d">2023-03-15</subfield>
    <subfield code="h">N&#xFA;m. 7 (2022)</subfield>
    <subfield code="l">0</subfield>
    <subfield code="o">5W /7</subfield>
    <subfield code="p">CDMR23030001</subfield>
    <subfield code="r">2023-03-15</subfield>
    <subfield code="v">29.00</subfield>
    <subfield code="w">2023-03-15</subfield>
    <subfield code="y">SER</subfield>
    <subfield code="z">La paz herida</subfield>
  </datafield>
  <datafield tag="952" ind1=" " ind2=" ">
    <subfield code="0">0</subfield>
    <subfield code="1">0</subfield>
    <subfield code="4">0</subfield>
    <subfield code="7">0</subfield>
    <subfield code="a">CDMR</subfield>
    <subfield code="b">CDMR</subfield>
    <subfield code="d">2023-03-15</subfield>
    <subfield code="h">N&#xFA;m. 8 (2023)</subfield>
    <subfield code="l">0</subfield>
    <subfield code="o">5W /8</subfield>
    <subfield code="p">CDMR23030002</subfield>
    <subfield code="r">2023-03-15</subfield>
    <subfield code="v">29.00</subfield>
    <subfield code="w">2023-03-15</subfield>
    <subfield code="y">SER</subfield>
    <subfield code="z">Agua</subfield>
  </datafield>
  <datafield tag="952" ind1=" " ind2=" ">
    <subfield code="0">0</subfield>
    <subfield code="1">0</subfield>
    <subfield code="4">0</subfield>
    <subfield code="7">0</subfield>
    <subfield code="a">CDMR</subfield>
    <subfield code="b">CDMR</subfield>
    <subfield code="d">2024-03-04</subfield>
    <subfield code="e">Donaci&#xF3;</subfield>
    <subfield code="g">29.00</subfield>
    <subfield code="h">N&#xFA;m. 9 (2024)</subfield>
    <subfield code="l">1</subfield>
    <subfield code="o">5W /9</subfield>
    <subfield code="p">CDMR24030001</subfield>
    <subfield code="r">2024-04-11</subfield>
    <subfield code="s">2024-03-05</subfield>
    <subfield code="w">2024-03-04</subfield>
    <subfield code="y">SER</subfield>
    <subfield code="z">J&#xF3;venes</subfield>
  </datafield>
</record>
